El problema de la tierra urbana: un ensayo de síntesis teórica /
Se hace un análisis del problema de la tierra urbana, desde una síntesis teórica basándose principalmente en autores como Topalov, Lipíetz, Maspero y Jaramillo. Partiendo de estos autores se afirma que el análisis del problema de la tierra urbana debe partir de la producción y no del consumo y que...
Guardado en:
| Hovedforfatter: | |
|---|---|
| Format: | Bog |
| Sprog: | Spanish |
| Fag: | |
| Tags: |
Tilføj Tag
Ingen Tags, Vær først til at tagge denne postø!
|
MARC
| LEADER | 00000nam a22000007a 4500 | ||
|---|---|---|---|
| 003 | cru CIDCACS/IIS | ||
| 005 | 20220305062544.0 | ||
| 007 | ta | ||
| 008 | 170214m19871988ho ||||| |||| 00| 0 spa d | ||
| 040 | |c CRAI/IIS |a CRAI/IIS | ||
| 100 | 1 | |a Lungo Uclés, Mario |9 2601 | |
| 245 | 1 | 3 | |a El problema de la tierra urbana: |b un ensayo de síntesis teórica / |c Mario Lungo Uclés |
| 300 | |a páginas 67-103 | ||
| 500 | |a También EN: CUADERNOS DE INVESTIGACION (CSUCA), nº 2, junio 1986, 42 p | ||
| 520 | |a Se hace un análisis del problema de la tierra urbana, desde una síntesis teórica basándose principalmente en autores como Topalov, Lipíetz, Maspero y Jaramillo. Partiendo de estos autores se afirma que el análisis del problema de la tierra urbana debe partir de la producción y no del consumo y que no debe limitarse a la visión inmediata de los agentes que operan en torno a esta problemática; hacerlo no aclara en nada cuáles son las relaciones sociales imperantes en el ámbito urbano, por lo que éstas deben plantearse en los términos correctos: como la expresión económica de relaciones sociales. El artículo no aborda el problema de la estructura productiva de la rama de la producción, ni el surgimiento y desarrollo de capitales especializados en el financiamiento, la promoción o la circulación de las edificaciones-mercancías que soporta la tierra urbana. Analiza la relación entre la existencia del derecho de propiedad sobre la tierra urbana y ubica esta problemática en el contexto del proceso de acumulación capitalista. AR/JM | ||
| 650 | 1 | 0 | |a ANALISIS SOCIOLOGICO |9 2076 |
| 650 | 1 | 0 | |9 1580 |a PROPIEDAD DE LA TIERRA |
| 650 | 1 | 0 | |9 64 |a CAPITALISMO |
| 650 | 1 | 0 | |9 1578 |a RENTA DE LA TIERRA |
| 650 | 1 | 0 | |9 1586 |a ECONOMIA DE LA TIERRA |
| 773 | 0 | |0 18884 |9 272 |a Universidad Nacional Autónoma de Honduras. |d Tegucigalpa: UNAH. Postgrado Centroamericano en Economía y Planificación del Desarrollo |o MFN0026 |t Revista Centroamericana de Economía / | |
| 942 | |2 ddc |c PP | ||
| 999 | |c 18885 |d 18885 | ||
